| 000 -LEADER |
| fixed length control field |
00708nam a22001337a 4500 |
| 040 ## - CATALOGING SOURCE |
| Transcribing agency |
RUA |
| 082 ## - DEWEY DECIMAL CLASSIFICATION NUMBER |
| Classification number |
AGR PRA 2004 B030 Or.1 |
| 100 ## - MAIN ENTRY--AUTHOR NAME |
| Personal name |
PRAK, SONG. |
| 245 ## - TITLE STATEMENT |
| Title |
eff yield of density on corn yield of composite 3 varietu under condition of royal university of agriculture (ឥទ្ធិពលដង់ស៊ីតេទៅលើទិន្នផលពូជពោតកំប៉ូស៊ីត ៣ ក្នុងល័ក្ខខ័ណ្ឌសាកលវិទ្យាល័យភូមិកសិកម្ម) |
| 260 ## - PUBLICATION, DISTRIBUTION, ETC. (IMPRINT) |
| Place of publication |
Phnom Penh |
| Name of publisher |
RUA |
| Year of publication |
2004 |
| 300 ## - PHYSICAL DESCRIPTION |
| Number of Pages |
44p. |
| Other physical details |
ill. |
| Dimensions |
29cm. |
| 856 ## - ELECTRONIC LOCATION AND ACCESS |
| Uniform Resource Identifier |
https://drive.google.com/file/d/1UowcZ1_Gl2Yqn_E36vihZpmgA-mdLGnR/view?usp=sharing |
| 942 ## - ADDED ENTRY ELEMENTS (KOHA) |
| Koha item type |
AGR |
| 952 ## - LOCATION AND ITEM INFORMATION (KOHA) |
| Withdrawn status [LOCAL, KOHA] |
0 |
| 952 ## - LOCATION AND ITEM INFORMATION (KOHA) |
| Withdrawn status [LOCAL, KOHA] |
0 |
| 952 ## - LOCATION AND ITEM INFORMATION (KOHA) |
| Withdrawn status [LOCAL, KOHA] |
0 |
| 952 ## - LOCATION AND ITEM INFORMATION (KOHA) |
| Withdrawn status [LOCAL, KOHA] |
0 |